| 000 | 00529nam a2200181Ia 4500 | ||
|---|---|---|---|
| 008 | 151018s9999 xx 000 0 und d | ||
| 082 |
_bRBASDV44482 _a891.433 |
||
| 100 | _aपाल जोगिंदर | ||
| 245 | _aपार नरे | ||
| 250 | _b1 | ||
| 260 |
_bभारतीय ज्ञानपीठ _c2004 |
||
| 300 | _a110 | ||
| 600 | _aपाल जोगिंदर | ||
| 630 | _aपार नरे | ||
| 700 | _aपाल जोगिंदर | ||
| 730 | _aपार नरे | ||
| 942 | _cBOOK | ||
| 999 |
_c1043679 _d1043676 |
||